20 World Capitals furthest from both Greenwich and 180º Meridian, with Map - Statistics

General Stats
  • This quiz has been taken 48 times
  • The average score is 17 of 20
Answers on the Map
Answers color-coded by a green-red scale on the quiz's map according to % correct below.
 
Answer Stats
M D (km) Capital % Correct
8,054 Lima
95%
8,175 Bogotá
93%
180º 7,635 Mexico City
93%
8,482 Panama City
93%
8,741 Quito
93%
180º 8,381 Guatemala City
91%
8,727 San José
91%
8,485 San Salvador
91%
8,415 Tegucigalpa
91%
8,089 Belmopan
89%
8,599 Managua
89%
180º 8,022 Jakarta
86%
180º 8,470 Singapore
86%
180º 8,096 Bangkok
84%
180º 8,671 Kuala Lumpur
84%
8,650 Sri Jayawardenepura Kotte
77%
180º 7,925 Phnom Penh
75%
180º 7,588 Vientiane
70%
8,126 Malé
68%
180º 7,719 Naypyidaw
64%
No matching quizzes found
Score Distribution
Percent of People with Each Score
Percentile by Number Answered
Your Score History
You have not taken this quiz